ბათუმის შოთა რუსთაველის სახელმწიფო უნივერსიტეტის ბიბლიოთეკა

Lives of the poets / (ბიბ.ჩანაწერი № 58391)

000 -LEADER
fixed length control field 00546cam a2200193 a 4500
001 - CONTROL NUMBER
control field 4509376
005 - DATE AND TIME OF LATEST TRANSACTION
control field 20220114121633.0
008 - FIXED-LENGTH DATA ELEMENTS--GENERAL INFORMATION
fixed length control field 981119s1998 nyu b 001 0deng
020 ## - INTERNATIONAL STANDARD BOOK NUMBER
International Standard Book Number 9780375706042
041 ## - LANGUAGE CODE
Language code of text/sound track or separate title eng
080 ## - UNIVERSAL DECIMAL CLASSIFICATION NUMBER
Universal Decimal Classification number 821.111.1 S-31
100 1# - MAIN ENTRY--PERSONAL NAME
Personal name Schmidt, Michael
9 (RLIN) 13381
245 10 - TITLE STATEMENT
Title Lives of the poets /
Statement of responsibility, etc. Michael Schmidt.
264 ## - PRODUCTION, PUBLICATION, DISTRIBUTION, MANUFACTURE, AND COPYRIGHT NOTICE
Place of production, publication, distribution, manufacture New York :
Name of producer, publisher, distributor, manufacturer Vintage Books,
Date of production, publication, distribution, manufacture, or copyright notice 1998.
300 ## - PHYSICAL DESCRIPTION
Extent 975 p. ;
Dimensions 25 cm.
653 ## - INDEX TERM--UNCONTROLLED
keyword პოეტების ცხოვრება
653 ## - INDEX TERM--UNCONTROLLED
keyword Жизнь поэтов
942 ## - ADDED ENTRY ELEMENTS (KOHA)
Source of classification or shelving scheme
Koha item type წიგნი
ეგზემპლარები
Withdrawn status Lost status Source of classification or shelving scheme Materials specified (bound volume or other part) Damaged status Not for loan Permanent Location Current Location Shelving location Date acquired Cost, normal purchase price Full call number Barcode Date last seen Copy number Price effective from Koha item type Public note
      თამარ სირაძის ნაჩუქარი     ბათუმის შოთა რუსთაველის სახელმწიფო უნივერსიტეტის მთავარი ბიბლიოთეკა ბათუმის შოთა რუსთაველის სახელმწიფო უნივერსიტეტის მთავარი ბიბლიოთეკა წიგნსაცავი 2022-01-14 15.00 821.111.1 S-31 62102 2022-01-14 62102 2022-01-14 წიგნი 15 ლ.